Ecotourism (Record no. 24595)

MARC details
000 -LEADER
fixed length control field 00451nam a2200181Ia 4500
008 - FIXED-LENGTH DATA ELEMENTS--GENERAL INFORMATION
fixed length control field 230917s9999||||xx |||||||||||||| ||und||
020 ## - ISBN
Price GBP39.99
040 ## - CATALOGING SOURCE
-- 243415
Original cataloging agency VIVEKANANDA LIBRARY
041 ## - Language
-- English
082 ## - DDC NUMBER
Classification number 338.4791 F36E(4)
100 ## - MAIN ENTRY--PERSONAL NAME
Personal name Fennell, David A
245 #0 - TITLE STATEMENT
Title Ecotourism
250 ## - EDITION STATEMENT
Edition statement 4th ed.
260 ## - PUBLICATION, DISTRIBUTION, ETC. (IMPRINT)
Place of publication, distribution, etc London
Name of publisher, distributor, etc Routledge
Date of publication, distribution, etc 2015
300 ## - PHYSICAL DESCRIPTION
Pages 336 p.
500 ## - GENERAL NOTE
General note 2933 20/11/2017 RBP17/67942 28/11/2017 IHTM (SFS)
942 ## - ADDED ENTRY ELEMENTS (KOHA)
Koha item type Books
Holdings
Withdrawn status Lost status Damaged status Not for loan Location (home branch) Sublocation or collection (holding branch) Shelving location Date acquired Koha issues (times borrowed) Koha full call number Accession No. Koha date last seen Koha item type
        VIVEKANANDA LIBRARY VIVEKANANDA LIBRARY IHTM Library 19/12/2017 1 338.4791 F36E(4) 364022 15/03/2024 Books
        VIVEKANANDA LIBRARY VIVEKANANDA LIBRARY IHTM Library 19/12/2017   338.4791 F36E(4) 364023 17/09/2023 Books
        VIVEKANANDA LIBRARY VIVEKANANDA LIBRARY IHTM Library 19/12/2017   338.4791 F36E(4) 364024 17/09/2023 Books
        VIVEKANANDA LIBRARY VIVEKANANDA LIBRARY IHTM Library 19/12/2017 1 338.4791 F36E(4) 364025 04/12/2023 Books
© Designed and Maintained by Vivekananda Library, MDU Rohtak